Формування комунікативної компетенції англійською мовою та критерії її автоматизованості на початковому етапі (Record no. 285455)

MARC details
000 -LEADER
fixed length control field 01811nam a22001577a 4500
041 ## - LANGUAGE CODE
Language code of text/sound track or separate title ukr
080 ## - UNIVERSAL DECIMAL CLASSIFICATION NUMBER
Universal Decimal Classification number 09
090 ## - LOCALLY ASSIGNED LC-TYPE CALL NUMBER (OCLC); LOCAL CALL NUMBER (OCLC)
Local cutter number (OCLC) ; Book number/undivided call number, CALL (RLIN) РУД
100 ## - MAIN ENTRY--PERSONAL NAME
Personal name Рудь, Т. В.
245 ## - TITLE STATEMENT
Title Формування комунікативної компетенції англійською мовою та критерії її автоматизованості на початковому етапі
260 ## - PUBLICATION, DISTRIBUTION, ETC. (IMPRINT)
Place of publication, distribution, etc Острог
Name of publisher, distributor, etc КАФ
Date of publication, distribution, etc 2014
300 ## - PHYSICAL DESCRIPTION
Extent 61
520 ## - SUMMARY, ETC.
Summary, etc Вступ.<br/>Розділ І. Комунікативний та соціокультурний розвиток учнів засобами англійської мови<br/>1.1. Особливості навчання іноземних мов на сучасному етапі<br/>1.2. Основні принципи формування комунікативної компетенції<br/>1.3. Ситуативність як один із основних принципів навчання говорінню<br/>Розділ ІІ. Методика формування мовних знань та навичок на уроках англійської мови у початковій школі<br/>2.1. Робота над формуванням мовних знань та навичок з фонетики в початковій школі<br/>2.2. Методика формування мовних знань та навичок з лексики і граматики на уроках англійської мови<br/>2.3. Гра як метод навчання іншомовного спілкування учнів початкової школи<br/>Висновки.<br/>Список використаної літератури.<br/>Додатки.
-- методика, початкова школа, гра
650 ## - SUBJECT ADDED ENTRY--TOPICAL TERM
Topical term or geographic name as entry element Research Papers
942 ## - ADDED ENTRY ELEMENTS (KOHA)
Koha item type Books
Holdings
Withdrawn status Lost status Source of classification or shelving scheme Damaged status Not for loan Home library Current library Date acquired Source of acquisition Cost, normal purchase price Total Checkouts Full call number Barcode Date last seen Price effective from Koha item type
    Universal Decimal Classification     ВІЛ - Відділ іноземн. літератури НБ ВІЛ - Відділ іноземн. літератури НБ 17/06/2014 Акт №8 1.00   09 215440 09/11/2021 17/06/2014 Books